00588nam a2200193 a 4500008004100000020002200041020001500063245006600078260007500144300002700219504004100246500002000287650001800307650002100325700002100346003000100367005001700368040000900385  a0412603209 (pbk.) a041245210300aContemporary cost management /cMasayasu Tanaka ... [et al.]. aLondon :bChapman & Hall, University and Professional Division,c1993. aviii, 185 p. ;c24 cm. aIncludes bibliographical references. aIncludes index. 0aCost control. 0aCost accounting.1 aTanaka, Masayasu20230123133227.0 cNUST